000 00551cam a2200145 4500500
005 20260329013001.0
041 _afre
042 _adc
100 1 0 _aSimoens, Yves
_eauthor
245 0 0 _aPaul Beauchamp , Conférences , Une expérience biblique. Avant-propos de Michel Fédou. Ed. Facultés Jésuites de Paris, 2004, 176 pages, 20 €
260 _c2005.
500 _a32
786 0 _nÉtudes | 402 | 2 | 2005-02-01 | p. XXVI-XXVI | 0014-1941
856 4 1 _uhttps://shs.cairn.info/revue-etudes-2005-2-page-XXVI?lang=fr&redirect-ssocas=7080
999 _c1876155
_d1876155